000 00592nam a2200217Ia 4500
003 OSt
005 20251210095856.0
008 210210b2000 xxu||||| |||| 00| 0 eng d
020 _a8126902949
040 _cAL
041 _aeng
082 _a820.309 AGRM
100 _aAgarwal B R
_9248580
245 _aMajor trends in the post independence indian english fiction
260 _aND
_bAtlantic Publishers And Distributors
_c2000
300 _avi,278p
650 _aIndian English Fiction
_9248581
690 _aIndian English Criticism
_9248582
906 _a060479
942 _2ddc
_cBK
999 _c107637
_d107637